| 000 | 00350nam a2200133Ia 4500 | ||
|---|---|---|---|
| 005 | 20251222144807.0 | ||
| 008 | 251222s9999||||xx |||||||||||||| ||spa|| | ||
| 020 | _a978-958-44-3368-8 | ||
| 082 | _a615.39/C82 | ||
| 100 | _aCortés Buelvas, Armando | ||
| 245 | 0 | _aPráctica Contemporánea de la Transfusión Aanguínea | |
| 264 | _bCEP | ||
| 942 | _cLIB | ||
| 999 |
_c19953 _d19953 |
||